Daniel God's beloved prophet : (Record no. 25279)

MARC details
000 -LEADER
fixed length control field 00984nam a2200265 i 4500
001 - CONTROL NUMBER
control field 1414650925
003 - CONTROL NUMBER IDENTIFIER
control field AUA.1
005 - DATE AND TIME OF LATEST TRANSACTION
control field 20251121084520.0
008 - FIXED-LENGTH DATA ELEMENTS--GENERAL INFORMATION
fixed length control field 231218s2020 mduacd b 000 0 eng d
020 ## - INTERNATIONAL STANDARD BOOK NUMBER
International Standard Book Number 9780925675453
020 ## - INTERNATIONAL STANDARD BOOK NUMBER
International Standard Book Number 0925675458
035 ## - SYSTEM CONTROL NUMBER
System control number (OCoLC)1414650925
040 ## - CATALOGING SOURCE
Original cataloging agency EXN
Language of cataloging eng
Transcribing agency EXN
050 ## - LIBRARY OF CONGRESS CALL NUMBER
Classification number BS1556
Item number .P43 2020
100 1# - MAIN ENTRY--PERSONAL NAME
Personal name Pfandl, Gerhard,
Relator term author.
245 10 - TITLE STATEMENT
Title Daniel God's beloved prophet :
Remainder of title his life and his prophecies /
Statement of responsibility, etc Gerhard Pfandl.
260 ## - PUBLICATION, DISTRIBUTION, ETC. (IMPRINT)
Place of publication, distribution, etc Silver Spring, MD :
-- Nampa, ID :
Name of publisher, distributor, etc Biblical Research Institute;
-- Pacific Press Publishing;
Date of publication, distribution, etc c2020.
300 ## - PHYSICAL DESCRIPTION
Extent 208 pages :
Other physical details illustrations, portraits, charts ;
Dimensions 22 cm.
490 0# - SERIES STATEMENT
Series statement Biblical Research Institute textbooks ;
Volume number/sequential designation 2.
504 ## - BIBLIOGRAPHY, ETC. NOTE
Bibliography, etc Includes bibliographical references.
600 00 - SUBJECT ADDED ENTRY--PERSONAL NAME
Personal name Daniel (Biblical figure)
630 00 - SUBJECT ADDED ENTRY--UNIFORM TITLE
Uniform title Bible.
Name of part/section of a work Daniel
General subdivision Prophecies.
630 00 - SUBJECT ADDED ENTRY--UNIFORM TITLE
Uniform title Bible.
Name of part/section of a work Daniel
General subdivision Criticism, interpretation, etc.
942 ## - ADDED ENTRY ELEMENTS (KOHA)
Source of classification or shelving scheme Library of Congress Classification
Koha item type Books
Classification part BS 1556
Item part .P43 2020
Holdings
Withdrawn status Lost status Source of classification or shelving scheme Damaged status Not for loan Collection code Home library Current library Shelving location Date acquired Source of acquisition Cost, normal purchase price Serial Enumeration / chronology Total Checkouts Full call number Barcode Date last seen Cost, replacement price Price effective from Koha item type
    Library of Congress Classification     Books Judith Thomas Library Judith Thomas Library General Stacks 21/11/2025 Bought by JTL 10.00 AUA28029   BS 1556 .P43 2020 AUA28029 21/11/2025 10.00 21/11/2025 Books